Giraldo, o Sem-Pavor (Registo nº 1776)
[ vista simples ]
| 000 -Etiqueta do registo | |
|---|---|
| Cabeçalho | 00860nam a22002771 4500 |
| 005 - Identificador da versão | |
| Campo de controlo | 20240813121916.0 |
| 095 ## - | |
| -- | PTBN00012744 |
| 100 ## - Dados gerais de processamento | |
| Dados gerais de processamento | 20070507d1986 em y0pory5003 ba |
| 102 ## - Pais de publicação ou produção | |
| País de publicação | Portugal |
| 101 0# - Língua de publicação | |
| Língua do texto, banda sonora, etc. | Português |
| 105 ## - Campo de dados codificados: livros | |
| Dados codificados dos livros | a t 000zy |
| 215 ## - Descrição física | |
| Indicação específica da natureza do documento e extensão da espécie | 44 p. |
| Outras indicações físicas | todo il. |
| Dimensões | 29 cm |
| 200 1# - Titulo e menção de responsabilidade | |
| Título próprio | Giraldo, o Sem-Pavor |
| Primeira menção de responsabilidade | criação e desenhos de José Projecto |
| Outras menções de responsabilidade | texto de Jorge Magalhães |
| Indicação de volume | 1º episódio |
| 225 2# - Colecção | |
| Título próprio da colecção | Nova BD |
| 210 ## - Publicação, Distribuição, etc. | |
| Lugar da edição, distribuição, etc. | Lisboa |
| Nome do editor, distribuidor, etc. | Futura |
| Data da publicação, distribuição, etc. | cop. 1986 |
| 327 1# - Nota de conteúdo | |
| Texto da nota | Contém breve enquadramento histórico-cultural |
| 606 ## - Nome comum usado como assunto | |
| Número de registo de entrada de autoridade | 0000265 |
| Palavra de ordem | Literatura portuguesa juvenil |
| Subdivisão de assunto | Banda desenhada |
| 675 ## - Classificação Decimal Universal (CDU) | |
| Notação | 821.134.3-9 |
| Edição | 2ª |
| Língua da edição | por |
| 701 #1 - Nome de autor-pessoa física (co-responsabilidade principal) | |
| Palavra de ordem | Magalhães |
| Outra parte do nome não tomada para palavra de ordem | Jorge |
| Código de função | Autor / Co-autor |
| 700 #1 - Nome de autor-pessoa física (responsabilidade principal) | |
| Número de registo de entrada de autoridade | 0000289 |
| Palavra de ordem | Projecto |
| Outra parte do nome não tomada para palavra de ordem | José |
| Datas | 1962- |
| 942 ## - Elementos de entrada adicionados (Koha) | |
| Tipo de item no Koha | Livro |
| Situação do levantamento | Origin of item (home branch) (coded) | Biblioteca de empréstimo | Código de barras | Cota | Circulation type (not for loan) | Tipo de documento | Nota do exemplar | Damaged status |
|---|---|---|---|---|---|---|---|---|
| Biblioteca Escolar da Coca Maravilhas | Biblioteca Escolar da Coca Maravilhas | BECM73/90 | 8BD GIR | Livro | Sem mensagem |
